书目信息 |
| 题名: |
文学术语与批评
|
|
| 作者: | 佩克 , 科伊尔 著 | |
| 分册: | ||
| 出版信息: | 上海 上海外语教育出版社 2016.12 |
|
| 页数: | 241页 | |
| 开本: | 22cm | |
| 丛书名: | 原版文学核心概念丛书 | |
| 单 册: | ||
| 中图分类: | I-61 | |
| 科图分类: | ||
| 主题词: | 文学--名词术语--英文 | |
| 电子资源: | ||
| ISBN: | 978-7-5446-4501-0 | |
| 000 | 00935oam2 2200289 450 | |
| 001 | 0120172128908 | |
| 005 | 20170911083434.04 | |
| 010 | @a978-7-5446-4501-0@dCNY28.00 | |
| 100 | @a20170222d2016 em y0chiy50 ea | |
| 101 | 0 | @aeng@gchi |
| 102 | @aCN@b310000 | |
| 105 | @ay z 001yy | |
| 106 | @ar | |
| 200 | 1 | @a文学术语与批评@9wen xue shu yu yu pi ping@dLiterary terms and criticism@fJohn Peck,Martin Coyle[著]@zeng |
| 210 | @a上海@c上海外语教育出版社@d2016.12 | |
| 215 | @a241页@d22cm | |
| 225 | 2 | @a原版文学核心概念丛书 |
| 305 | @a原书第3版 由Palgrave Macmillan授权出版 | |
| 333 | @a文学研究人员 | |
| 461 | 0 | @12001 @a原版文学核心概念丛书 |
| 510 | 1 | @aLiterary terms and criticism@zeng |
| 606 | 0 | @a文学@x名词术语@x英文 |
| 690 | @aI-61@v5 | |
| 701 | 0 | @a佩克@9pei ke@c(Peck, John)@4著 |
| 701 | 0 | @a科伊尔@9ke yi er@c(Coyle, Martin)@4著 |
| 801 | 0 | @aCN@b人天书店@c20170222 |
| 905 | @b1075024-29@dI-61@e12@f6 | |
| 文学术语与批评=Literary terms and criticism/John Peck,Martin Coyle[著].-上海:上海外语教育出版社,2016.12 |
| 241页;22cm.-(原版文学核心概念丛书) |
| 使用对象:文学研究人员 |
| ISBN 978-7-5446-4501-0:CNY28.00 |
| ● |
| 相关链接 |
|
|
|
|
正题名:文学术语与批评
索取号:I-61/12
 
预约/预借
| 序号 | 登录号 | 条形码 | 馆藏地/架位号 | 状态 | 备注 |
| 1 | 1075024 | 210750249 | 第一样本阅览室/ [索取号:I-61/12] | 在馆 | |
| 2 | 1075025 | 210750258 | 第二借阅区/ [索取号:I-61/12] | 在馆 | |
| 3 | 1075026 | 210750267 | 第二借阅区/ [索取号:I-61/12] | 在馆 | |
| 4 | 1075027 | 210750276 | 第二借阅区/ [索取号:I-61/12] | 在馆 | |
| 5 | 1075028 | 210750285 | 第二借阅区/ [索取号:I-61/12] | 在馆 | |
| 6 | 1075029 | 210750294 | 密集书库-文学院/ [索取号:I-61/12] | 在馆 |